[Event "4NCL Online Division 5"]
[Site "online"]
[Date "2020.04.21"]
[Round "3.172"]
[White "Chung, Michael"]
[Black "Pike, Andrew"]
[Result "1-0"]
[WhiteElo "1615"]
[BlackElo "1660"]
[PlyCount "99"]
[EventDate "2020.04.21"]
[WhiteTeam "Streatham C"]
[BlackTeam "Wigston 2"]

1. e4 c5 2. Nf3 d6 3. c4 Nf6 4. Nc3 e6 5. d3 h6 6. Be2 Be7 7. a3 Nc6 8. O-O O-O
9. h3 a6 10. Bd2 Bd7 11. Rb1 Nd4 12. b4 b6 13. Be3 e5 14. b5 a5 15. a4 Be6 16.
Nd5 Bxd5 17. cxd5 Rc8 18. Rc1 Nh7 19. Rc4 f5 20. Bxd4 exd4 21. Qc2 Ng5 22. Nh2
Rb8 23. f4 Nh7 24. Qd2 fxe4 25. dxe4 Bh4 26. Rf3 Qe7 27. Bd3 Rf7 28. Rc1 Nf8
29. Qc2 Nd7 30. Rcf1 Rbf8 31. Qd2 Bf6 32. Ng4 Bh4 33. e5 dxe5 34. g3 e4 35. Re1
e3 36. Qa2 h5 37. Nh2 Ne5 38. fxe5 Rxf3 39. Nxf3 Rxf3 40. d6+ Qf7 41. Bc4 Rxg3+
42. Kh2 Qxc4 43. Qxc4+ Kh8 44. Re2 Rf3 45. d7 Bd8 46. Qe6 d3 47. Qe8+ Rf8 48.
Qxh5+ Kg8 49. Rxe3 d2 50. Rd3 1-0

[Event "4NCL Online Division 5"]
[Site "online"]
[Date "2020.04.21"]
[Round "3.173"]
[White "Raine, Benjamin"]
[Black "Isaacs, Ruairi"]
[Result "1/2-1/2"]
[WhiteElo "1615"]
[BlackElo "1360"]
[PlyCount "44"]
[EventDate "2020.04.21"]
[WhiteTeam "Wigston 2"]
[BlackTeam "Streatham C"]

1. e4 c5 2. Bc4 e6 3. Nc3 Nc6 4. Nf3 Nf6 5. O-O Be7 6. d4 cxd4 7. Nxd4 Nxd4 8.
Qxd4 d6 9. Bb5+ Bd7 10. e5 dxe5 11. Qxe5 O-O 12. Rd1 Rc8 13. Bg5 Rc7 14. Rd3 a6
15. Bxd7 Rxd7 16. Rad1 Rxd3 17. Rxd3 Qb6 18. b3 h6 19. Bh4 Rd8 20. Rxd8+ Qxd8
21. h3 Bd6 22. Qe3 Qa5 1/2-1/2

[Event "4NCL Online Division 5"]
[Site "online"]
[Date "2020.04.21"]
[Round "3.174"]
[White "Yordanov, Denislav"]
[Black "Milligan, Alex"]
[Result "1/2-1/2"]
[WhiteElo "1412"]
[BlackElo "1487"]
[PlyCount "93"]
[EventDate "2020.04.21"]
[WhiteTeam "Streatham C"]
[BlackTeam "Wigston 2"]

1. d4 Nf6 2. c4 g6 3. Nf3 Bg7 4. Nc3 O-O 5. e4 d6 6. h3 e5 7. d5 Na6 8. Be3 Nc5
9. b4 Ncxe4 10. Nxe4 Nxe4 11. Bd3 Nf6 12. Bc2 Nh5 13. Qd2 f5 14. Bg5 Qe8 15. g4
Nf4 16. O-O-O h6 17. Bxf4 exf4 18. Qxf4 a5 19. Rhe1 Qf7 20. Re3 Bd7 21. Rde1
Rae8 22. Rxe8 Rxe8 23. Rxe8+ Qxe8 24. gxf5 g5 25. Qe4 Qxe4 26. Bxe4 axb4 27.
Kc2 Bc3 28. Nd2 Ba4+ 29. Kc1 c5 30. Bc2 Bxd2+ 31. Kxd2 Bxc2 32. Kxc2 Kf7 33.
Kd3 Kf6 34. Ke4 h5 35. f3 b6 36. f4 g4 37. h4 g3 38. Kf3 g2 39. Kxg2 Kxf5 40.
Kf3 Kf6 41. Ke4 Kg6 42. f5+ Kf7 43. Kf4 Kf6 44. Ke4 Kf7 45. Kf4 Kf6 46. Ke4 Kf7
47. Kf4 1/2-1/2

[Event "4NCL Online Division 5"]
[Site "online"]
[Date "2020.04.21"]
[Round "3.181"]
[White "Dasgupta, Avyukt"]
[Black "Adiraju, Sumukh"]
[Result "1-0"]
[WhiteElo "1637"]
[BlackElo "700"]
[PlyCount "137"]
[EventDate "2020.04.21"]
[WhiteTeam "Watford Juniors A"]
[BlackTeam "BBC Foxes"]

1. e4 c5 2. Nf3 d6 3. d4 cxd4 4. Nxd4 Nf6 5. Nc3 a6 6. Be2 g6 7. Be3 Bg7 8. Qd2
O-O 9. O-O Bd7 10. f4 Nc6 11. h3 e5 12. Nxc6 Bxc6 13. Bf3 Rc8 14. Rad1 Qc7 15.
Qxd6 Qxd6 16. Rxd6 Rcd8 17. Rfd1 Rxd6 18. Rxd6 exf4 19. Bxf4 Rc8 20. e5 Bxf3
21. exf6 Bf8 22. Rd3 Bc6 23. a3 h5 24. b4 Re8 25. Kf2 Re6 26. Rd8 Rxf6 27. Kg3
Re6 28. Rb8 Kg7 29. Rd8 Be7 30. Rd3 h4+ 31. Kf2 Rf6 32. Ke3 Re6+ 33. Kd2 Bxg2
34. Nd5 Bxd5 35. Rxd5 Rf6 36. Be5 Kh6 37. Bxf6 Bxf6 38. Rd7 Bg5+ 39. Kc3 Bf6+
40. Kd3 Bb2 41. a4 g5 42. Rxf7 Kh5 43. Rxb7 g4 44. Rh7+ Kg5 45. hxg4 Kxg4 46.
c3 h3 47. Kc2 Ba3 48. Rg7+ Kf3 49. b5 axb5 50. axb5 h2 51. Rh7 Kg2 52. Kb3 Bc5
53. Kc4 Bb6 54. Kd5 h1=Q 55. Rxh1 Kxh1 56. c4 Kg2 57. c5 Bc7 58. b6 Bb8 59. c6
Kf3 60. c7 Bxc7 61. bxc7 Kf4 62. c8=Q Ke3 63. Qe8+ Kd3 64. Qe4+ Kc3 65. Qd4+
Kb3 66. Qc4+ Ka3 67. Qb5 Ka2 68. Kc4 Ka3 69. Qb3# 1-0

[Event "4NCL Online Division 5"]
[Site "online"]
[Date "2020.04.21"]
[Round "3.182"]
[White "Tran, Le Gia Khuong"]
[Black "Nagda, Maanav"]
[Result "0-1"]
[WhiteElo "700"]
[BlackElo "1592"]
[PlyCount "72"]
[EventDate "2020.04.21"]
[WhiteTeam "BBC Foxes"]
[BlackTeam "Watford Juniors A"]

1. e4 e6 2. Bd3 d5 3. exd5 exd5 4. Nf3 Nf6 5. O-O Bd6 6. Re1+ Be6 7. Nd4 Qd7 8.
Bb5 c6 9. Nxe6 fxe6 10. Bd3 O-O 11. g3 Qf7 12. Nc3 Nbd7 13. a3 Ne5 14. Be2 Ned7
15. b4 Rae8 16. Bb2 Nb6 17. Na2 Ne4 18. Bd3 Qxf2+ 19. Kh1 Bxg3 20. Re2 Qf3+ 21.
Rg2 Nf2+ 22. Kg1 Nxd1 23. Rxg3 Qf2+ 24. Kh1 Nxb2 25. Rag1 Rf7 26. Bxh7+ Kxh7
27. Rh3+ Kg8 28. Rhg3 N2c4 29. R3g2 Qf3 30. Nc1 Nxd2 31. Nd3 Ne4 32. h3 Qxh3+
33. Rh2 Ng3+ 34. Rxg3 Qxg3 35. Rg2 Rf1+ 36. Rg1 Qxg1# 0-1

[Event "4NCL Online Division 5"]
[Site "online"]
[Date "2020.04.21"]
[Round "3.183"]
[White "Morrell, Sean"]
[Black "Panunzio, Jacopo"]
[Result "1-0"]
[WhiteElo "1607"]
[BlackElo "700"]
[PlyCount "21"]
[EventDate "2020.04.21"]
[WhiteTeam "Watford Juniors A"]
[BlackTeam "BBC Foxes"]

1. e4 e5 2. Nf3 Nf6 3. Nxe5 Nxe4 4. Qe2 Nd6 5. Nc6+ Be7 6. Nxd8 Kxd8 7. Nc3 Nc6
8. d3 Nb4 9. a3 Nd5 10. Nxd5 Nb5 11. Qxe7# 1-0

[Event "4NCL Online Division 5"]
[Site "online"]
[Date "2020.04.21"]
[Round "3.184"]
[White "Wang, Mark"]
[Black "Demjan, Denisz"]
[Result "0-1"]
[WhiteElo "700"]
[BlackElo "1277"]
[PlyCount "52"]
[EventDate "2020.04.21"]
[WhiteTeam "BBC Foxes"]
[BlackTeam "Watford Juniors A"]

1. e4 e5 2. Qh5 Nc6 3. Bc4 g6 4. Qf3 Nf6 5. Qd1 d5 6. Bf1 Nxe4 7. f3 Nf6 8. g3
Bg7 9. f4 Bg4 10. Be2 Bxe2 11. Nxe2 e4 12. O-O Qe7 13. Nbc3 O-O-O 14. d4 h6 15.
a3 h5 16. b4 a6 17. Rb1 h4 18. a4 hxg3 19. hxg3 Nxb4 20. Ba3 a5 21. Rf2 Ng4 22.
Rh2 Rxh2 23. Nxd5 Rxd5 24. Qd2 Rdh5 25. Bxb4 Rh1+ 26. Kg2 R5h2# 0-1

[Event "4NCL Online Division 5"]
[Site "online"]
[Date "2020.04.21"]
[Round "3.191"]
[White "George, Seb"]
[Black "Siddle, Michael"]
[Result "0-1"]
[WhiteElo "1187"]
[BlackElo "1562"]
[PlyCount "46"]
[EventDate "2020.04.21"]
[WhiteTeam "Watford Juniors B"]
[BlackTeam "Bishop Knights"]

1. e4 d5 2. exd5 Qxd5 3. Nc3 Qa5 4. Bb5+ c6 5. Ba4 Bf5 6. b4 Qc7 7. b5 Nf6 8.
h3 e6 9. g4 Bg6 10. d3 Bb4 11. Bb2 Nd5 12. Nge2 O-O 13. a3 Bd6 14. h4 h6 15.
bxc6 Nxc6 16. Nxd5 exd5 17. Bb3 Rfe8 18. Bxd5 Qa5+ 19. Qd2 Qxd5 20. Qc3 Qxh1+
21. Kd2 Rxe2+ 22. Kxe2 Re8+ 23. Kd2 Bf4# 0-1

[Event "4NCL Online Division 5"]
[Site "online"]
[Date "2020.04.21"]
[Round "3.192"]
[White "Sides, David"]
[Black "Holland, Nicolas"]
[Result "1-0"]
[WhiteElo "1547"]
[BlackElo "1225"]
[PlyCount "61"]
[EventDate "2020.04.21"]
[WhiteTeam "Bishop Knights"]
[BlackTeam "Watford Juniors B"]

1. e4 e6 2. d4 d5 3. e5 c5 4. c3 Nc6 5. Nf3 f6 6. Bb5 Qd7 7. O-O fxe5 8. Nxe5
Qd6 9. Qf3 a6 10. Nf7 Qe7 11. Nxh8 axb5 12. Bf4 Qf6 13. g3 g6 14. Nxg6 Qxg6 15.
Bc7 Qg7 16. Bb6 c4 17. Re1 Qh6 18. Qxd5 Na7 19. Qd8+ Kf7 20. Bxa7 Rxa7 21. Qxc8
Ne7 22. Qb8 Nc6 23. Qc7+ Ne7 24. d5 exd5 25. Na3 Qa6 26. Nc2 Qh6 27. Nd4 Qa6
28. Nf5 Qf6 29. Nxe7 Bxe7 30. Re2 h6 31. Rae1 1-0

[Event "4NCL Online Division 5"]
[Site "online"]
[Date "2020.04.21"]
[Round "3.193"]
[White "Demyan, Leo"]
[Black "Clynes, Chris"]
[Result "0-1"]
[WhiteElo "1165"]
[BlackElo "1435"]
[PlyCount "58"]
[EventDate "2020.04.21"]
[WhiteTeam "Watford Juniors B"]
[BlackTeam "Bishop Knights"]

1. e4 e6 2. Nf3 d5 3. Bd3 c5 4. exd5 Qxd5 5. Nc3 Qd8 6. b3 Nc6 7. Bb2 Nf6 8.
Bb5 Bd7 9. Ne5 Nxe5 10. Bxd7+ Qxd7 11. Na4 Bd6 12. O-O O-O-O 13. c4 h5 14. d4
cxd4 15. Qxd4 Nc6 16. Qh4 Be5 17. Bxe5 Nxe5 18. Qg3 Ng6 19. c5 Qc7 20. Qf3 Ne5
21. Qe2 Neg4 22. g3 h4 23. Rac1 Qc6 24. f3 hxg3 25. hxg3 Rh2 26. Qe1 Rdh8 27.
Nb6+ axb6 28. cxb6 Rh1+ 29. Kg2 R8h2# 0-1

[Event "4NCL Online Division 5"]
[Site "online"]
[Date "2020.04.21"]
[Round "3.194"]
[White "Burnett, John"]
[Black "Keerthi Kumar, Advait"]
[Result "0-1"]
[WhiteElo "1247"]
[BlackElo "1075"]
[PlyCount "72"]
[EventDate "2020.04.21"]
[WhiteTeam "Bishop Knights"]
[BlackTeam "Watford Juniors B"]

1. e4 e5 2. d4 exd4 3. Qxd4 Nc6 4. Qd1 Nf6 5. Nc3 Be7 6. h3 O-O 7. Nf3 d6 8. a3
b6 9. Bb5 Bb7 10. Bd3 Rb8 11. O-O h6 12. Re1 Ne5 13. Nxe5 dxe5 14. Be3 c5 15.
b3 Kh8 16. Qe2 Qc8 17. Bd2 a6 18. f3 b5 19. Qd1 c4 20. bxc4 bxc4 21. Bf1 Bd6
22. Qc1 Nh5 23. Bxh6 Bc5+ 24. Be3 Bxe3+ 25. Qxe3 g6 26. Qg5 Qe6 27. Qg4 Qf6 28.
Bxc4 Qe7 29. Bd5 Qc5+ 30. Kh2 Qxc3 31. Bxf7 Rxf7 32. Qxg6 Rh7 33. Qd6 Rg8 34.
Qd3 Nf4 35. Qxc3 Rxg2+ 36. Kh1 Rxh3# 0-1

[Event "4NCL Online Division 5"]
[Site "online"]
[Date "2020.04.21"]
[Round "3.201"]
[White "Eccleston, Bryony"]
[Black "Draper, Martin"]
[Result "1/2-1/2"]
[WhiteElo "1330"]
[BlackElo "1525"]
[PlyCount "131"]
[EventDate "2020.04.21"]
[WhiteTeam "Manchester Juniors C"]
[BlackTeam "Warley and Quinborne"]

1. d4 Nf6 2. Bf4 c5 3. e3 Qb6 4. b3 Nc6 5. Nf3 Nd5 6. Bg3 Qb4+ 7. Qd2 Qxd2+ 8.
Nbxd2 Ncb4 9. Bd3 cxd4 10. Nxd4 Nxd3+ 11. cxd3 d6 12. e4 Nb4 13. Ke2 Bd7 14.
Rhc1 g6 15. Rc7 Bg7 16. N2f3 Nc6 17. Ke3 Bh6+ 18. Ke2 Bg7 19. Ke3 h5 20. h3 g5
21. Rc1 h4 22. Bh2 Bh6 23. Rxb7 g4+ 24. Bf4 Bxf4+ 25. Kxf4 e5+ 26. Ke3 exd4+
27. Nxd4 Nxd4 28. Kxd4 gxh3 29. gxh3 Bxh3 30. Rcc7 Be6 31. Rc1 h3 32. Rh1 h2
33. f3 Rh3 34. f4 Bg4 35. Rc7 Bf3 36. Re1 h1=Q 37. Rxh1 Rxh1 38. Rc6 Rd8 39.
Rc7 a5 40. Ra7 Rh5 41. a3 Bg4 42. f5 Bxf5 43. exf5 Rxf5 44. b4 axb4 45. axb4
Rd7 46. Ra8+ Ke7 47. Rb8 Rf1 48. b5 Rb1 49. b6 Ke6 50. Re8+ Re7 51. Rb8 f6 52.
Ke4 f5+ 53. Kf4 Rf1+ 54. Ke3 Kd5+ 55. Kd2 Rb1 56. Kc3 Rf7 57. Kc2 Rb5 58. Kc3
f4 59. Kd2 Re7 60. Rf8 Rxb6 61. Rxf4 Rb2+ 62. Kc3 Rbe2 63. Rd4+ Kc6 64. Rc4+
Kd7 65. Rd4 Re1 66. Kc4 1/2-1/2

[Event "4NCL Online Division 5"]
[Site "online"]
[Date "2020.04.21"]
[Round "3.202"]
[White "Berry, Steve"]
[Black "Seet, Joshua"]
[Result "1-0"]
[WhiteElo "1480"]
[BlackElo "1232"]
[PlyCount "77"]
[EventDate "2020.04.21"]
[WhiteTeam "Warley and Quinborne"]
[BlackTeam "Manchester Juniors C"]

1. e4 e6 2. Nf3 d5 3. exd5 exd5 4. d4 Nf6 5. Be2 Be7 6. Nc3 c6 7. O-O O-O 8.
Ne5 Nbd7 9. f4 b6 10. Be3 Bb7 11. Bf3 Nxe5 12. fxe5 Nd7 13. Ne2 c5 14. c3 cxd4
15. cxd4 Ba6 16. Rc1 Rc8 17. Re1 f6 18. Bxd5+ Kh8 19. Be6 Rxc1 20. Qxc1 Bb4 21.
Bd2 Bxd2 22. Qxd2 Qc7 23. Nc3 Bb7 24. Bd5 fxe5 25. Bxb7 Qxb7 26. dxe5 h6 27. e6
Nc5 28. b4 Na6 29. a3 b5 30. Qd7 Qb6+ 31. Kh1 Qf2 32. Rg1 Qf6 33. e7 Rg8 34.
e8=Q Rxe8 35. Qxe8+ Kh7 36. Nd5 Qd6 37. Ne7 h5 38. Qg8+ Kh6 39. Qh8+ 1-0

[Event "4NCL Online Division 5"]
[Site "online"]
[Date "2020.04.21"]
[Round "3.203"]
[White "Eccleston, Rowan"]
[Black "Lewis, John B"]
[Result "0-1"]
[WhiteElo "1120"]
[BlackElo "1465"]
[PlyCount "82"]
[EventDate "2020.04.21"]
[WhiteTeam "Manchester Juniors C"]
[BlackTeam "Warley and Quinborne"]

1. f4 d5 2. Nf3 c5 3. e3 Nc6 4. Bb5 Bd7 5. b3 a6 6. Bxc6 Bxc6 7. Bb2 e6 8. d4
c4 9. O-O Nf6 10. Nbd2 b5 11. Ne5 Rc8 12. Rf3 Bb7 13. Rg3 c3 14. Bxc3 Rxc3 15.
Ndf3 h6 16. Ng4 Ne4 17. Rh3 Bd6 18. Ng5 Nxg5 19. fxg5 Qxg5 20. Qf3 f5 21. Ne5
Bxe5 22. dxe5 O-O 23. Rg3 Qe7 24. Qf2 g5 25. Qf4 Kh7 26. Qf3 f4 27. Rh3 Rxe3
28. Qh5 Rxh3 29. Qxh3 Rf5 30. Qd3 Kg7 31. Re1 Qa3 32. Qc3 Qe7 33. Qd3 Qc5+ 34.
Kh1 d4 35. Re4 Bxe4 36. Qxe4 Rxe5 37. Qb7+ Kg6 38. h3 Re1+ 39. Kh2 Qxc2 40.
Qxa6 Qf2 41. Qxb5 Qg1# 0-1

[Event "4NCL Online Division 5"]
[Site "online"]
[Date "2020.04.21"]
[Round "3.204"]
[White "Woodward, Pauline"]
[Black "Nagai, Ken Stephen"]
[Result "1-0"]
[WhiteElo "1262"]
[BlackElo "1135"]
[PlyCount "60"]
[EventDate "2020.04.21"]
[WhiteTeam "Warley and Quinborne"]
[BlackTeam "Manchester Juniors C"]

1. e4 d6 2. Bc4 Nf6 3. Nc3 g6 4. d3 Bg7 5. h3 O-O 6. Nf3 c5 7. O-O Nc6 8. Re1
a6 9. b3 b5 10. Bd5 Bb7 11. e5 dxe5 12. Nxe5 Nxd5 13. Qg4 Nxe5 14. Qg5 Nxc3 15.
Rxe5 Ne2+ 16. Rxe2 Bxa1 17. Re3 Bf6 18. Qh6 Qd5 19. Rg3 Bg7 20. Qh4 Qe6 21. Qg5
Qe1+ 22. Kh2 Qe5 23. Qh4 Qf5 24. Be3 Be5 25. f4 Bd4 26. Bxd4 cxd4 27. Rg5 Qf6
28. f5 Qe5+ 29. g3 Qe2+ 30. Kg1 Qg2# 1-0

[Event "4NCL Online Division 5"]
[Site "online"]
[Date "2020.04.21"]
[Round "3.211"]
[White "Feldman, Keith"]
[Black "Freund, Michael P"]
[Result "0-1"]
[WhiteElo "1330"]
[BlackElo "1770"]
[PlyCount "84"]
[EventDate "2020.04.21"]
[WhiteTeam "St Albans 4"]
[BlackTeam "Sheffield Deaf"]

1. d4 e6 2. c4 d5 3. Nc3 c6 4. Nf3 Nf6 5. Bg5 Be7 6. e3 Nbd7 7. Rc1 O-O 8. Ne5
Nxe5 9. dxe5 Nd7 10. Bf4 dxc4 11. Bxc4 Qa5 12. Qa4 Qxa4 13. Nxa4 b5 14. Bb3
bxa4 15. Bxa4 Bb4+ 16. Ke2 Ba6+ 17. Kf3 Bb7 18. Rhd1 Rfd8 19. Bxc6 Bxc6+ 20.
Rxc6 Nxe5+ 21. Bxe5 Rxd1 22. Ke2 Rd2+ 23. Kf1 Rad8 24. a3 Be7 25. g3 R2d7 26.
Kg2 Bf6 27. Bc3 Bxc3 28. Rxc3 f6 29. b4 Rd3 30. Rc6 Rxa3 31. Rxe6 Rd2 32. Re4
Raa2 33. Rf4 Kf7 34. h4 Rdb2 35. g4 Ra4 36. Rc4 Rbxb4 37. Rc7+ Kf8 38. Rc8+ Ke7
39. f3 Rb7 40. Rg8 Kf7 41. Rc8 Ra2+ 42. Kg3 a5 0-1

[Event "4NCL Online Division 5"]
[Site "online"]
[Date "2020.04.21"]
[Round "3.213"]
[White "Harris, Stuart"]
[Black "Cooper, Darci"]
[Result "1-0"]
[WhiteElo "1300"]
[BlackElo "1375"]
[PlyCount "89"]
[EventDate "2020.04.21"]
[WhiteTeam "St Albans 4"]
[BlackTeam "Sheffield Deaf"]

1. d4 d6 2. Nf3 Bg4 3. h3 Bxf3 4. exf3 b6 5. Be2 c5 6. O-O Nc6 7. c3 Nf6 8. Bb5
Qc7 9. Re1 e6 10. Bf4 Nd5 11. Bg3 a6 12. Bxc6+ Qxc6 13. c4 Nc7 14. Nc3 d5 15.
b3 Bd6 16. Bxd6 Qxd6 17. cxd5 Nxd5 18. dxc5 bxc5 19. Nxd5 Rd8 20. Nc3 Qc7 21.
Qe2 O-O 22. Qxa6 Qd6 23. Qxd6 Rxd6 24. Rad1 Rxd1 25. Rxd1 f6 26. Ne4 Rc8 27.
Rc1 Ra8 28. Rc2 Rd8 29. Nxc5 Rd1+ 30. Kh2 Re1 31. Nd3 Rd1 32. Nc5 Rd6 33. a4
Rc6 34. b4 e5 35. b5 Rc8 36. b6 Ra8 37. b7 Rb8 38. a5 Rd8 39. Na6 Kf7 40. b8=Q
Rxb8 41. Nxb8 Ke7 42. a6 Kd6 43. a7 Kd5 44. a8=Q+ Kd4 45. Qe4# 1-0

[Event "4NCL Online Division 5"]
[Site "online"]
[Date "2020.04.21"]
[Round "3.214"]
[White "Cooper, Howard"]
[Black "Rose, Samuel"]
[Result "0-1"]
[WhiteElo "1300"]
[BlackElo "1075"]
[PlyCount "128"]
[EventDate "2020.04.21"]
[WhiteTeam "Sheffield Deaf"]
[BlackTeam "St Albans 4"]

1. e4 c5 2. d3 e6 3. c4 d5 4. cxd5 exd5 5. e5 Nc6 6. Nf3 h6 7. d4 Bg4 8. Be2
cxd4 9. Qd3 a6 10. a3 Qe7 11. O-O Bxf3 12. Bxf3 Nxe5 13. Qb3 d3 14. Bxd5 Rd8
15. Bd2 Nf6 16. Bxb7 Rb8 17. Qa4+ Qd7 18. Qxd7+ Nfxd7 19. Bxa6 Rxb2 20. a4 Bb4
21. Rd1 O-O 22. a5 Nc5 23. Bxb4 Rxb4 24. Nd2 Nxa6 25. g3 Rd8 26. f4 Nc4 27.
Nxc4 Rxc4 28. Rd2 Rc2 29. Rad1 Rxd2 30. Rxd2 Rd5 31. Kf2 Nb4 32. Ke3 Rxa5 33.
Kd4 Ra3 34. Kc4 Nc2 35. Rxd3 Rxd3 36. Kxd3 Ne1+ 37. Ke4 Kh7 38. Ke5 Kg6 39. f5+
Kg5 40. Ke4 h5 41. h3 g6 42. fxg6 Kxg6 43. Kf4 Nd3+ 44. Kf3 f5 45. g4 Ne5+ 46.
Kf4 fxg4 47. hxg4 hxg4 48. Kg3 Kg5 49. Kg2 Kh4 50. Kh2 Nf3+ 51. Kg2 g3 52. Kf1
Kh3 53. Ke2 g2 54. Kf2 g1=Q+ 55. Kxf3 Qe1 56. Kf4 Kh4 57. Kf3 Qb4 58. Ke3 Kg4
59. Kd3 Kf4 60. Ke2 Qa3 61. Kd2 Ke4 62. Ke2 Qa2+ 63. Kf1 Kf3 64. Ke1 Qe2# 0-1

[Event "4NCL Online Division 5"]
[Site "online"]
[Date "2020.04.21"]
[Round "3.221"]
[White "Humeniuk, Michael"]
[Black "Liu, Jason"]
[Result "0-1"]
[WhiteElo "1480"]
[BlackElo "1000"]
[PlyCount "116"]
[EventDate "2020.04.21"]
[WhiteTeam "Broken Herts 2"]
[BlackTeam "BBC Penguins"]

1. e4 e6 2. f4 d5 3. d3 d4 4. Nf3 Nc6 5. c3 dxc3 6. Nxc3 Nf6 7. Be2 Bc5 8. Bd2
Ng4 9. Rf1 Nxh2 10. Rh1 Ng4 11. Rh4 Bf2+ 12. Kf1 Bxh4 13. Nxh4 Qxh4 14. Bxg4
Bd7 15. Be1 Qe7 16. Bf2 O-O-O 17. Bf3 Kb8 18. a3 Bc8 19. d4 Nxd4 20. Bxd4 f6
21. Bxa7+ Kxa7 22. Qa4+ Kb6 23. Qb5+ Ka7 24. Qa5+ Kb8 25. Nb5 Qc5 26. b4 Qb6
27. Qxb6 cxb6 28. Ke2 Rhf8 29. Rc1 Bd7 30. Nd4 e5 31. fxe5 fxe5 32. Nb3 Bb5+
33. Kf2 Rc8 34. Rxc8+ Rxc8 35. Bd1 Ba4 36. Ke2 Bxb3 37. Bxb3 Rc3 38. Bg8 Rxa3
39. b5 h6 40. Bf7 Kc7 41. Bc4 Kd6 42. Bd5 Kc5 43. Bxb7 Kxb5 44. Bd5 Kc5 45. Kf2
Kd4 46. g3 b5 47. Kg2 b4 48. Kh3 Ra5 49. Bb3 Kxe4 50. Kg4 Ra3 51. Bc2+ Kd4 52.
Kh4 b3 53. Bh7 b2 54. g4 Ra1 55. Kh5 b1=Q 56. Bxb1 Rxb1 57. Kg6 e4 58. Kxg7 Rg1
0-1

[Event "4NCL Online Division 5"]
[Site "online"]
[Date "2020.04.21"]
[Round "3.222"]
[White "Liu, Benjamin"]
[Black "Butina, Darko"]
[Result "0-1"]
[WhiteElo "700"]
[BlackElo "1465"]
[PlyCount "106"]
[EventDate "2020.04.21"]
[WhiteTeam "BBC Penguins"]
[BlackTeam "Broken Herts 2"]

1. d4 b6 2. c4 Bb7 3. Nc3 e6 4. Bf4 g6 5. Nf3 Bg7 6. e3 Ne7 7. Be2 d6 8. Qd2
Nd7 9. O-O h6 10. Rac1 g5 11. Bg3 Ba6 12. a3 Nc6 13. Qc2 Bb7 14. h3 Ne7 15. Na2
Nf8 16. c5 Rc8 17. Nb4 Nh7 18. Bb5+ c6 19. cxd6 cxb5 20. dxe7 Kxe7 21. Qe2 Qd7
22. Nd3 f6 23. Rfd1 Rxc1 24. Rxc1 Rc8 25. Rxc8 Qxc8 26. Nh2 h5 27. Qxh5 Nf8 28.
Qe2 Qc4 29. Qd1 Be4 30. Nb4 a5 31. Na6 Qc2 32. Qxc2 Bxc2 33. Nc7 Bd3 34. b4 a4
35. f4 gxf4 36. exf4 f5 37. Nf3 Nd7 38. d5 exd5 39. Nxd5+ Kf7 40. Kf2 Bb2 41.
Ke3 Bc4 42. Nc7 Bxa3 43. Kd2 Bxb4+ 44. Kc2 a3 45. Kb1 a2+ 46. Kb2 Bc3+ 47. Kxc3
a1=Q+ 48. Kc2 Qa2+ 49. Kc3 Qb3+ 50. Kd2 Qd3+ 51. Kc1 Bb3 52. Kb2 Qc2+ 53. Ka3
Nc5 0-1

[Event "4NCL Online Division 5"]
[Site "online"]
[Date "2020.04.21"]
[Round "3.223"]
[White "Williams, Graham"]
[Black "Bell, Euan"]
[Result "1-0"]
[WhiteElo "1435"]
[BlackElo "700"]
[PlyCount "115"]
[EventDate "2020.04.21"]
[WhiteTeam "Broken Herts 2"]
[BlackTeam "BBC Penguins"]

1. d4 g6 2. c4 Nf6 3. Nc3 d6 4. e3 Bg7 5. h3 O-O 6. Nf3 Nc6 7. Be2 Bf5 8. O-O
Nb4 9. a3 Nc2 10. Ra2 Qd7 11. Ng5 Bh6 12. f4 Qc6 13. Bd3 Nxe3 14. Bxe3 e5 15.
d5 Qd7 16. fxe5 dxe5 17. Bxf5 gxf5 18. Bd2 Rae8 19. Nf3 f4 20. Ne2 Ne4 21. Bb4
c5 22. dxc6 Qxc6 23. Bxf8 Bxf8 24. b3 Qc5+ 25. Kh2 Qe3 26. Qc1 Qxb3 27. Qc2
Qxc2 28. Rxc2 Rd8 29. Nxe5 Bxa3 30. Nxf4 Bd6 31. Ng4 f5 32. Ne3 Rf8 33. g3 Bb4
34. Ned5 Nd2 35. Rf2 Ne4 36. Rg2 Bc5 37. g4 Kh8 38. g5 Bd6 39. g6 hxg6 40. Rxg6
Nf6 41. Rf2 Ne4 42. Rfg2 Kh7 43. Rg7+ Kh8 44. Rxb7 Be5 45. Kg1 Rg8 46. Rxg8+
Kxg8 47. Kg2 Nd6 48. Rxa7 Nxc4 49. h4 Ne3+ 50. Nxe3 Bxf4 51. Kf3 Bd6 52. Nxf5
Bf8 53. h5 Bc5 54. Rb7 Kh8 55. Kg4 Bg1 56. Kg5 Bf2 57. Kg6 Kg8 58. Rb8# 1-0

[Event "4NCL Online Division 5"]
[Site "online"]
[Date "2020.04.21"]
[Round "3.224"]
[White "Florczak, Adam"]
[Black "Huhn, Robert M"]
[Result "0-1"]
[WhiteElo "700"]
[BlackElo "1412"]
[PlyCount "78"]
[EventDate "2020.04.21"]
[WhiteTeam "BBC Penguins"]
[BlackTeam "Broken Herts 2"]

1. e4 c6 2. Nf3 d5 3. exd5 cxd5 4. Nc3 Nf6 5. d4 Bg4 6. Be2 e6 7. Bg5 Nc6 8.
Bxf6 Qxf6 9. h3 Bxf3 10. Bxf3 Nxd4 11. Be2 Nxe2 12. Nxe2 Bc5 13. O-O O-O 14.
Nc3 Rac8 15. Nb5 a6 16. Nc3 Ba7 17. Qd2 Rc7 18. b3 Qxc3 19. Qxc3 Rxc3 20. Rac1
Rfc8 21. Rfd1 Rxc2 22. Rxc2 Rxc2 23. a4 Bxf2+ 24. Kf1 Bg3 25. Rd4 Rf2+ 26. Ke1
Rf4+ 27. Ke2 Rxd4 28. Kf3 Bc7 29. Ke3 Re4+ 30. Kd3 e5 31. b4 Rxb4 32. a5 Bxa5
33. g4 e4+ 34. Ke3 Rb3+ 35. Ke2 e3 36. g5 d4 37. h4 Bd2 38. h5 d3+ 39. Kd1 Rb1#
0-1

[Event "4NCL Online Division 5"]
[Site "online"]
[Date "2020.04.21"]
[Round "3.231"]
[White "Arora, Tashika"]
[Black "Parsons, Robert"]
[Result "1-0"]
[WhiteElo "1787"]
[BlackElo "1720"]
[PlyCount "59"]
[EventDate "2020.04.21"]
[WhiteTeam "Oxford 4"]
[BlackTeam "Hatch End B"]

1. d4 d5 2. Nf3 Nf6 3. g3 e6 4. Bg2 Bd6 5. O-O O-O 6. c4 dxc4 7. Nbd2 Nc6 8.
Nxc4 Bd7 9. Nce5 h6 10. Bf4 Qe7 11. Qb3 Rab8 12. Rfd1 Rfd8 13. Nxc6 Bxc6 14.
Bxd6 cxd6 15. e3 Qd7 16. Qb4 Rbc8 17. Rac1 Nd5 18. Qd2 Nf6 19. b3 Ne4 20. Qb2
Qe7 21. Rc2 Qf6 22. Rdc1 Rc7 23. Ne1 Rcd7 24. Rxc6 bxc6 25. Bxe4 d5 26. Bg2 Rd6
27. Nd3 Qf5 28. Ne5 Rc8 29. Qa3 Rdd8 30. Nxc6 1-0

[Event "4NCL Online Division 5"]
[Site "online"]
[Date "2020.04.21"]
[Round "3.232"]
[White "Barry, Brendan"]
[Black "Neatherway, A Philip"]
[Result "0-1"]
[WhiteElo "1315"]
[BlackElo "1798"]
[PlyCount "110"]
[EventDate "2020.04.21"]
[WhiteTeam "Hatch End B"]
[BlackTeam "Oxford 4"]

1. e4 c5 2. Nf3 Nc6 3. Bc4 e6 4. O-O a6 5. a4 Nge7 6. c3 d5 7. exd5 exd5 8. Bb3
g6 9. d4 cxd4 10. cxd4 Bg7 11. Re1 O-O 12. Bg5 h6 13. Bxe7 Nxe7 14. Nc3 Be6 15.
a5 Nc6 16. Ra4 Nxa5 17. h3 Qb6 18. Nd2 Bxd4 19. Re2 Nxb3 20. Nxb3 Bxc3 21. bxc3
Rac8 22. Rb4 Qc7 23. Rc2 Qe5 24. Nd4 b5 25. Re2 Qf6 26. f3 Rc4 27. Rb3 Rfc8 28.
Re3 Qf4 29. Qd2 Qd6 30. g4 Qg3+ 31. Qg2 Qf4 32. Qf2 Rxd4 33. cxd4 Qxd4 34. Rbd3
Rc1+ 35. Kg2 Qa1 36. Ra3 Qb1 37. Reb3 Qc2 38. Qxc2 Rxc2+ 39. Kg3 d4 40. Rxa6
Bxb3 41. Rd6 Rd2 42. Kf4 Bc4 43. Ke4 d3 44. Ke3 Re2+ 45. Kd4 d2 46. Kc3 Kg7 47.
Rxd2 Rxd2 48. Kxd2 Kf6 49. f4 Bf1 50. h4 Bh3 51. g5+ hxg5 52. hxg5+ Kf5 53. Kc3
Kxf4 54. Kb4 Kxg5 55. Kxb5 f5 0-1

[Event "4NCL Online Division 5"]
[Site "online"]
[Date "2020.04.21"]
[Round "3.233"]
[White "Hameed, Asif"]
[Black "Gill, Veer"]
[Result "1-0"]
[WhiteElo "1768"]
[BlackElo "1285"]
[PlyCount "109"]
[EventDate "2020.04.21"]
[WhiteTeam "Oxford 4"]
[BlackTeam "Hatch End B"]

1. e4 e5 2. f4 exf4 3. Nf3 Nf6 4. e5 Ng4 5. h3 Nh6 6. d4 d5 7. Bxf4 c5 8. c3
cxd4 9. Qxd4 Nc6 10. Bb5 Nf5 11. Qd3 Bc5 12. g4 Nh4 13. Nxh4 Qxh4+ 14. Bg3 Qe7
15. Nd2 O-O 16. O-O-O Nxe5 17. Qxd5 Ng6 18. Rhe1 Be6 19. Qf3 a6 20. Bc4 Qg5 21.
Bxe6 fxe6 22. Qxb7 Rfe8 23. Rxe6 Rxe6 24. Qxa8+ Bf8 25. Qc8 Re3 26. Bd6 Rd3 27.
Bxf8 Nxf8 28. Qc4+ Qd5 29. Qxa6 Rxh3 30. a4 Ne6 31. Rf1 Rh1 32. Qc8+ Nd8 33.
Rxh1 Qxh1+ 34. Kc2 Qd5 35. c4 Qd6 36. c5 Qd5 37. a5 Kf7 38. a6 Nc6 39. Qb7+ Ke6
40. a7 Qxc5+ 41. Kb1 Nxa7 42. Qxg7 Qg1+ 43. Ka2 h5 44. Qg6+ Kd5 45. Qxh5+ Kd4
46. Nf3+ Ke3 47. Nxg1 Kf2 48. Qh2+ Ke3 49. g5 Ke4 50. g6 Kf5 51. g7 Kf6 52.
g8=Q Kf5 53. Qe2 Nc6 54. Qf8+ Kg5 55. Qg2+ 1-0